000 00644nam a2200241 a 4500
001 nice12345678
003 IN_TiNIC
005 20260116011255.0
008 050524s1939 pria grp 000 0 eng
020 _a
_c100
082 0 0 _a027
_bHIT
100 _aHitti, Philip K
245 _aDescription Catalog of the Garrett Collection of Persian, Turkish & Indic M
260 _aPrinceton
_bPrinceton University Press
_c1939
300 _a94p
500 _aincludes index and biblioraphy
505 2 _aindex
650 _aManuscripts-Library-Catalogue
650 _aManuscripts-Library
902 _bSRS
942 _cBK
999 _c71
_d71